000
00270nam a2200109Ia 4500
008
190216s9999||||xx |||||||||||||| ||und||
100
_a
Saxena
245
0
_a
Aruns Guide To Medical College Entranc Exams
260
_b
Young Man & Co
650
_a
References
942
_c
REF
999
_c
35721
_d
35721